Africa's odious debts: how foreign loans and capital flight bled a continent (Record no. 90)

MARC details
000 -LEADER
fixed length control field 00761nam a2200193 a 4500
008 - FIXED-LENGTH DATA ELEMENTS--GENERAL INFORMATION
fixed length control field 120928s2011 ||||||||||||||||| || u
020 ## - INTERNATIONAL STANDARD BOOK NUMBER
International Standard Book Number 9781848134591
050 ## - LIBRARY OF CONGRESS CALL NUMBER
Classification number HJ 8826 Ndi
100 ## - MAIN ENTRY--PERSONAL NAME
Personal name Ndikumana, Leonce
245 10 - TITLE STATEMENT
Title Africa's odious debts: how foreign loans and capital flight bled a continent
Statement of responsibility, etc. by Leonce Ndikumana and James K. Boyce
260 ## - PUBLICATION, DISTRIBUTION, ETC.
Place of publication, distribution, etc. London:
Name of publisher, distributor, etc. Zed Books
Date of publication, distribution, etc. 2011
300 ## - PHYSICAL DESCRIPTION
Extent xi, 135p.: ill.
500 ## - GENERAL NOTE
General note includes Bibliography
650 ## - SUBJECT ADDED ENTRY--TOPICAL TERM
Topical term or geographic name entry element PUBLISHER DESCRIPTION
650 ## - SUBJECT ADDED ENTRY--TOPICAL TERM
Topical term or geographic name entry element CONTRIBUTOR BIOGRAPHICAL INFORMATION
650 ## - SUBJECT ADDED ENTRY--TOPICAL TERM
Topical term or geographic name entry element TABLE OF CONTENTS ONLY
700 ## - ADDED ENTRY--PERSONAL NAME
Personal name Boyce, James K.
995 ## -
-- SPECIAL COLLECTIONS
-- 500196
-- CBU-DAG HAMMARSKJOLD INSTITUTE LIBRARY
-- DAG HJ 8826 Ndi
-- 1
-- AVAILABLE
-- Oct 26, 2012
-- 500196
-- DHIPS Book Collection
999 ## -
-- 90
-- 90
Holdings
Withdrawn status Lost status Source of classification or shelving scheme Damaged status Not for loan Permanent Location Current Location Shelving location Date acquired Total Checkouts Full call number Barcode Date last seen Price effective from Koha item type
          CBU-DAG HAMMARSKJOLD INSTITUTE CBU-DAG HAMMARSKJOLD INSTITUTE   11/28/2022   HJ 8826 Ndi 500196 11/28/2022 11/28/2022 MONOGRAPH